日産の海外進出苦労物語

Saved in:
Bibliographic Details
Main Author: 馬場亮四郎(ばば りょうしろう)
Format: Book
Language:Undetermined
Published: 東京 エール出版社 1989
Subjects:
Tags: Add Tag
No Tags, Be the first to tag this record!
Institutions: Trung tâm Học liệu Trường Đại học Cần Thơ
LEADER 00531nam a2200193Ia 4500
001 CTU_92717
008 210402s9999 xx 000 0 und d
082 |a 338.8 
082 |b B112 
100 |a 馬場亮四郎(ばば りょうしろう) 
245 0 |a 日産の海外進出苦労物語 
245 0 |c 馬場亮四郎 
260 |a 東京 
260 |b エール出版社 
260 |c 1989 
650 |a Corporations 
650 |x Japan 
904 |i Ngoc 
980 |a Trung tâm Học liệu Trường Đại học Cần Thơ